| 000 | 00000nam 2200000za 4500 |
| 001 | 9.800288 |
| 003 | CaOODSP |
| 005 | 20221107134604 |
| 007 | cr ||||||||||| |
| 008 | 150429s2015||||xxcodb||o f00| 0 eng d |
| 020 | |a9780660020785 |
| 040 | |aCaOODSP|beng |
| 043 | |an-cn--- |
| 086 | 1 |aIR4-7/2015E-PDF |
| 110 | 1 |aCanada.|bTruth and Reconciliation Commission of Canada. |
| 245 | 10|aHonouring the truth, reconciling for the future |h[electronic resource] : |bsummary of the final report of the Truth and Reconciliation Commission of Canada. |
| 260 | |a[Ottawa] : |bTruth and Reconciliation Commission of Canada, |c2015. |
| 300 | |aiv, 382 p.|bgraph, map, photos. |
| 504 | |aIncludes bibliographical references. |
| 692 | 07|2gccst|aAboriginal peoples |
| 692 | 07|2gccst|aResidential schools |
| 775 | 08|tRapport sommaire de la Commission de vérité et réconciliation du Canada |w(CaOODSP)9.800291 |
| 775 | 08|tHonorer la vérité, réconcilier pour l'avenir |w(CaOODSP)9.814357 |
| 776 | 0#|tThe summary report of the Truth and Reconciliation Commission of Canada |w(CaOODSP)9.800286 |
| 856 | 40|qPDF|s12.71 MB|uhttps://publications.gc.ca/collections/collection_2015/trc/IR4-7-2015-eng.pdf |